[Event "Leon Man+Comp"]
[Site "Leon"]
[Date "2002.06.21"]
[Round "1"]
[White "Kramnik, Vladimir"]
[Black "Anand, Viswanathan"]
[Result "1/2-1/2"]
[WhiteElo "2809"]
[BlackElo "2752"]
[Annotator "Dautov,R"]
[PlyCount "65"]
[EventDate "2002.06.21"]
[EventType "match (rapid)"]
[EventRounds "6"]
[EventCountry "ESP"]
[SourceTitle "CBM 090"]
[Source "ChessBase"]
[SourceDate "2002.09.20"]
[SourceVersion "1"]
[SourceVersionDate "2002.09.20"]
[SourceQuality "1"]

1. Nf3 Nf6 2. c4 e6 3. Nc3 d5 4. d4 Be7 5. Bf4 O-O 6. e3 c5 7. dxc5 Bxc5 8. a3
Nc6 9. Rc1 a6 10. b4 Bd6 11. Bg5 a5 $5 $146 {Mit dieser Neuerung leitet Anand
das Spiel in taktisches Fahrwasser.} ({Nach dem ruhigen} 11... Be7 12. c5 h6
13. Bh4 Nd7 {konnte Weiß seinen Druck nicht ausbauen:} 14. Bg3 b6 15. cxb6 Nxb6
16. Be2 Bb7 17. O-O Qd7 18. Na4 Nxa4 19. Qxa4 Rfc8 20. Qb3 Qd8 21. Ne5 Nxe5 22.
Bxe5 Rxc1 23. Rxc1 Rc8 $11 {Sakaev,K-Lutz,C/Istanbul 2000}) 12. b5 (12. cxd5 $6
axb4 13. dxc6 bxc3 14. Bxf6 gxf6 {ist für Weiß nicht erstrebenswert.}) (12. c5
$6 axb4 13. axb4 Be7 14. b5 Nb4 $132 {><c5}) 12... Ne5 13. Nxe5 (13. cxd5 $2
Nxf3+ 14. Qxf3 Bxa3 $17) (13. c5 $2 Nxf3+ 14. Qxf3 Bxc5 15. Nxd5 exd5 16. Rxc5
Qd6 17. Rc3 Ne4 $17) 13... Bxe5 14. c5 {Wie so oft in dieser Variante setzt
Weiß auf seine Bauernmajorität auf dem Damenflügel.} (14. cxd5 $6 exd5 15. Be2
Qd6 $36 {><a3}) 14... a4 $1 {Ein guter Konter! Anand verhindert Nc3-a4 und
räumt das Feld a5 für seine Dame.} 15. f4 $1 ({Zum Ausgleich führt} 15. Bd3 Qa5
16. Qd2 Bd7 17. f4 (17. O-O $2 Bxb5 $1 18. Bxb5 Bxc3 19. Qxc3 Qxc3 20. Rxc3 Ne4
$15 {kostet Weiß einen Bauern.}) 17... Bxc3 18. Qxc3 Rfc8 19. O-O Ne4 20. Bxe4
dxe4 $11) 15... Bxc3+ 16. Rxc3 e5 $1 (16... Qa5 $2 17. Bxf6 gxf6 18. Qd4 $16)
17. Bxf6 $1 (17. fxe5 $4 Qa5 $19 {/\Ne4}) 17... Qxf6 18. fxe5 Qh4+ (18... Qxe5
19. Qd4 $14) 19. g3 Qe4 20. Rg1 Qxe5 21. Qd4 $14 {Trotz des aktiven und
logischen Spiels ist Schwarz der vollständige Ausgleich noch nicht gelungen.}
Qh5 22. h4 Bg4 23. Bd3 Bf3 24. Kf2 Be4 $1 {Dieses Bauernopfer ist erzwungen,
Schwarz braucht die offene d-Linie für sein Gegenspiel.} 25. Bxe4 dxe4 26. Qxe4
Rad8 27. Rc2 $2 ({Chancenreicher war} 27. Qc2 $1) 27... Rfe8 28. Qf3 Qg6 29.
Rgc1 Qd3 $11 30. c6 bxc6 31. bxc6 Qxa3 32. c7 Rc8 33. Rc3 1/2-1/2

[Event "Leon Man+Comp"]
[Site "Leon"]
[Date "2002.06.21"]
[Round "2"]
[White "Anand, Viswanathan"]
[Black "Kramnik, Vladimir"]
[Result "1/2-1/2"]
[WhiteElo "2752"]
[BlackElo "2809"]
[Annotator "Gershon,A"]
[PlyCount "39"]
[EventDate "2002.06.21"]
[EventType "match (rapid)"]
[EventRounds "6"]
[EventCountry "ESP"]
[SourceTitle "CBM 090"]
[Source "ChessBase"]
[SourceDate "2002.09.20"]
[SourceVersion "1"]
[SourceVersionDate "2002.09.20"]
[SourceQuality "1"]

1. d4 Nf6 2. c4 e6 3. Nf3 b6 4. g3 Ba6 5. b3 Bb4+ 6. Bd2 Be7 7. Bg2 c6 8. O-O
d5 9. Qc2 {White has problems finding any advantage in main lines, so he tries
to search for imporvments in side lines. For now, unsuccesfully.} (9. Ne5 Nfd7
10. Nxd7 Nxd7 11. Bc3 {would have led to the main}) 9... Nbd7 10. Rd1 O-O 11.
Bf4 Rc8 12. Nc3 Qe8 $1 {an imprtant move. Black removes his Q away from the
'd' file, enabling him to open up the center against white's Q.} 13. a4 $146 {
The latest attempt to get any advantage in this line.} ({so far, only:} 13. e4
{has been tested} dxc4 14. bxc4 (14. Nd2 e5 15. dxe5 Ng4 16. Nxc4 Bxc4 17. bxc4
Bc5 18. Rd2 Ndxe5 19. Na4 Bb4 20. Re2 b5 21. Nb2 Ba3 22. cxb5 cxb5 23. Qb3 Bc5
$11 {1/2-1/2 Ftacnik,L-Landa,K/Kaskady SVK 2002/The Week in Chess 400 (76)})
14... Bxc4 15. Nd2 Ba6 16. Qa4 Bd3 17. Ndb1 Bxb1 18. Raxb1 a5 19. Qb3 b5 20. e5
a4 21. Qb2 Nd5 $15 {0-1 Tkachiev,V-Gelfand,B/Shenyang 2000/CBM 79 (43)}) ({
an attempt to defend the pawn doesn't help} 13. Nd2 c5 {and the knight is
needed on f3.}) 13... dxc4 14. bxc4 Bxc4 15. Ne4 {White's point. In the cost
of a pawn white wants to get a bishop pair, with the belief that his activity
will win him back the pawn. It's true, but black will be able to exchange too
many pieces in the process.} Nxe4 16. Qxc4 Bd6 $1 (16... Ndf6 17. Ne5 c5 18.
Qd3 Nd6 19. Rdc1 {and white's domination more than compensates for the pawn.})
17. Ne5 f5 {[%cal Gg7g5] the point of Bd6. black threatens g5 now, so white
must spend an important tempo.} 18. h4 c5 19. Bxe4 (19. Rac1 Rc7 $1 {and black
is fine.} ({but not:} 19... cxd4 20. Qxc8 Qxc8 21. Rxc8 Rxc8 22. Nxd7 Nc3 23.
Rd2)) 19... cxd4 20. Qxd4 (20. Qxd4 Bxe5 21. Bxe5 Nxe5 22. Qxe5 fxe4 23. Rd6
Qf7 $11) 1/2-1/2

[Event "Leon Man+Comp"]
[Site "Leon"]
[Date "2002.06.22"]
[Round "3"]
[White "Kramnik, Vladimir"]
[Black "Anand, Viswanathan"]
[Result "1-0"]
[WhiteElo "2809"]
[BlackElo "2752"]
[Annotator "McShane,L"]
[PlyCount "73"]
[EventDate "2002.06.21"]
[EventType "match (rapid)"]
[EventRounds "6"]
[EventCountry "ESP"]
[SourceTitle "CBM 090"]
[Source "ChessBase"]
[SourceDate "2002.09.20"]
[SourceVersion "1"]
[SourceVersionDate "2002.09.20"]
[SourceQuality "1"]

{[%mdl 3]} 1. Nf3 {Huzman} d5 2. d4 e6 3. c4 dxc4 4. e3 c5 5. Bxc4 Nf6 6. O-O
a6 7. Bb3 cxd4 8. exd4 Nc6 9. Nc3 Be7 10. Bg5 O-O 11. Qd2 {A new but natural
looking move. In these positions with an isolated queen's pawn, White must use
his lead in development to create pressure, whereas Black aims to soak this up
and eventually exploit the weakness of the pawn.} Na5 (11... Nd5 {Huzman} 12.
Bxe7 Ncxe7 13. Rac1 b6 14. Nxd5 Nxd5 15. Bxd5 Qxd5 16. Rc7 a5 (16... Bb7 {
Huzman} 17. Rfc1 Rad8 18. Qf4 Rd7 19. h3 h6 20. Rxd7 Qxd7 21. Ne5 Qd6 22. Rc3
f6 23. Ng6 Rd8 $11 {1/2-1/2 Cheparinov,I-Husnutdinov,D/Oropesa del Mar 2001/
EXT 2002 (33)}) 17. Rfc1 Bb7 18. Qf4 Rad8 19. a3 h6 20. h3 Ba8 $11 {1/2-1/2
Sundararajan,K-Arnold,L/Budapest 2001/CBM 83 ext (26)}) (11... Nb4 {Huzman} 12.
Ne5 h6 13. Bh4 Nbd5 14. Bxf6 Nxf6 15. Rad1 Qc7 16. f4 Rd8 17. Qe3 b5 18. f5 Qb6
19. fxe6 Bxe6 20. Ng6 Ra7 21. Rfe1 Bxb3 22. Nxe7+ Rxe7 23. Qxe7 Bxd1 24. Rxd1
Rxd4 $19 {0-1 Colas,J-Sansas,A/FRA-ch21 corr 1956/Corr 2000 (37)}) (11... h6 {
Huzman} 12. Bf4 Re8 13. Rad1 Bf8 14. Ne5 (14. Be5 {Huzman} Nxe5 15. Nxe5 b5 16.
Qf4 Qc7 17. Rc1 Qe7 18. Ne4 Nxe4 19. Qxe4 Bb7 20. Qg4 Rad8 $15 {0-1 Bluvshtein,
M-Lesiege,A/Montreal CAN 2002/The Week in Chess 404 (56)}) 14... Ne7 15. Qd3
Ned5 16. Bc1 (16. Nxd5 {Huzman} Nxd5 17. Bc2 f5 18. Qg3 Nxf4 19. Qxf4 Bd6 20.
Rfe1 $16 {1-0 Barsov,A-Lesiege,A/Montreal CAN 2002/The Week in Chess 404 (79)})
16... b5 17. Qg3 Bb7 18. Bxh6 Nxc3 19. bxc3 Ne4 20. Qg4 Nf6 21. Qg5 Qe7 22. Rd3
Ne4 23. Qg4 Nf6 24. Qg5 Ne4 25. Qg4 Nf6 {1/2-1/2 Kramnik,V-Anand,V/Mainz GER
2001 (25)}) 12. Bc2 b5 13. Rad1 (13. Qf4 {Huzman} Ra7 (13... Bb7 {Huzman} 14.
Qh4 g6 15. d5 Bxd5 16. Ne4 Bxe4 17. Bxe4 Ra7 18. Rad1 Nd5 19. Rfe1 f6 20. Bh6
Re8 21. Qg4 Bf8 22. Bxg6 hxg6 23. Qxg6+ Bg7 24. Rxd5 $18 {1-0 Pert,N-Ganguly,S/
Torquay ENG 2002/The Week in Chess 405 (31)}) 14. Rad1 Bb7 15. d5 $1 Bxd5 16.
Nxd5 exd5 $2 17. Qh4 h5 18. Rfe1 Nc6 19. g4 $1 Qd6 20. gxh5 Qb4 21. h6 Qxh4 22.
Nxh4 Ne4 23. hxg7 Rc8 24. Bxe7 Nxe7 25. Bxe4 dxe4 26. Rxe4 Kxg7 27. Rd6 $1 $18
{1-0 Kramnik,V-Anand,V/Dortmund 2001/CBM 85/(39)}) 13... Nc4 (13... Bb7 {Huzman
} 14. Qf4 b4 15. d5 bxc3 16. Qh4 h5 17. dxe6 Qc7 18. Bxf6 Bxf6 19. Qxh5 g6 20.
exf7+ Rxf7 21. Qxg6+ Kf8 $13 {0-1 Epishin,V-Hort,V/Hoogeveen 2001/CBM 84 ext 
(39)}) 14. Qf4 Ra7 $5 {[%cal Ya7c7,Yc7d7]} ({If} 14... Nxb2 15. Bxf6 $1 Bxf6
16. Qe4 $1 {[%csl Ra8,Rh7][%cal Ye4a8,Ye4h7] threatening mate and the rook on
a8, wins.}) (14... Bb7 {is also playable, but Anand plans to swing the rook
across instead.}) 15. Ne5 Rc7 (15... Nxb2 {Huzman} 16. Nc6 Nxd1 $1 (16... Qd7 {
Huzman} 17. Nxe7+ Qxe7 18. Qh4 h6 19. Ne4 $1 $18) 17. Nxd8 (17. Qh4 {Huzman} h6
18. Bxh6 Nxc3 19. Bxg7 Ne2+ 20. Kh1 Kxg7 21. Qg5+ Kh8 22. Qh6+ $11) 17... Nxc3
18. Qf3 Rxd8 19. Qxc3 Rad7 $44) 16. Nxc4 bxc4 (16... Rxc4 $2 {Huzman} 17. Qh4
g6 (17... h6 {Huzman} 18. Bxh6 gxh6 19. Rd3 $1 Nh7 20. Rg3+ Ng5 (20... Bg5 {
Huzman} 21. Qxh6 f5 22. h4 $18) 21. Qxh6 f5 22. h4 $16) 18. Ne4 Nd5 19. Bb3 f6
20. Bh6 f5 21. Ng5 Rc7 22. Rfe1 $16) 17. Bxf6 {'!' Huzman.} (17. d5 {Huzman}
Nxd5 18. Bxe7 Rxe7 19. Qxc4 Bb7 20. Be4 Rd7 $11) 17... Bxf6 18. d5 $1 {[%csl
Gd5] Maintaining an edge, as Black's pieces are not well placed to deal with
this advance.} e5 (18... Bxc3 {Huzman} 19. dxe6 $1 (19. d6 {Huzman} Rc5 20.
bxc3 Bb7 $13) 19... Qe7 20. bxc3 Bxe6 21. Rd6 (21. Rfe1 $5 {Huzman}) 21... Bc8
22. Rfd1 $14) (18... exd5 {Huzman} 19. Nxd5 Rb7 20. Rfe1 $1 $16) 19. Qf3 {
'!' Huzman.} Rb7 (19... g6 {Huzman} 20. d6 Rb7 21. d7 $1 Rxd7 22. Rxd7 Bxd7 23.
Rd1 $16) (19... Be7 {Huzman} 20. Qe4 f5 21. Qxe5 Bd6 22. Qd4 $16) 20. Qe4 g6
21. Qxc4 Rxb2 22. Bb3 {[%csl Rb2][%cal Yc3a4] '+/-!' Huzman. Now Black is
further inconvenienced by the threat of Nc3-a4, trapping the rook.} Bg5 {
'[]' Huzman.} 23. d6 Be6 24. Qa4 (24. Qxa6 {Huzman} Bg4 $1 (24... Bxb3 {Huzman}
25. axb3 Rxb3 26. Ne4 $16) 25. Na4 Bxd1 (25... Be2 {Huzman} 26. Qc6 Rxb3 27.
axb3 Bf4 28. Nc5 $18) 26. Nxb2 Bg4 27. Nd3 $16) 24... Bxb3 {'?' Huzman.} (24...
Bd7 {Huzman} 25. Qxa6 $16 (25. Qa3 $5 {Huzman} Rd2 26. Ne4 Rxd1 27. Rxd1 $16))
(24... Bf5 {Huzman} 25. Qa3 Rd2 26. Nd5 $1 $16 Be4 27. Rxd2 Bxd2 28. Ne7+ Kg7
29. Qxa6 Qd7 $16) 25. axb3 {[%csl Gd1,Gd6] The d-pawn is now extremely strong.
Nevertheless, Kramnik must continue to play with energy to prevent it being
blockaded and rounded up.} Qb6 26. Qg4 {'!' Huzman.} Bf4 (26... Qxb3 {Huzman}
27. Qxg5 Qxc3 28. d7 f6 29. Qg4 Rbb8 (29... Qc7 {Huzman} 30. Qe6+ Kg7 31. Qe7+
$18) (29... Rd2 {Huzman} 30. Rxd2 Qxd2 31. Rd1 $18) 30. Qe6+ Kg7 31. d8=Q Rfxd8
32. Rxd8 Rxd8 33. Qe7+ $18) (26... Qd8 {Huzman} 27. Qc4 Qd7 (27... Rc2 {Huzman}
28. Qd3 Rb2 29. Ne4 $16) 28. Ne4 $16) 27. Nd5 Qd8 (27... Qxd6 28. Nxf4 Qb4 29.
Nd5 $1 {[%csl Rg4,Rg8][%cal Yd5f6] and White will regain the queen with a
winning fork on f6.}) 28. Nxf4 exf4 29. d7 Rxb3 30. Qxf4 {[%csl Gd7] The pawn
ties Black down completely, and Kramnik closes in.} Rb8 31. Rfe1 Qb6 32. h4 {
[%csl Rg8][%cal Yh4h6]} h5 {White threatened to advance the pawn to h6,
creating mate threats on g7, but now there are additional possibilities to
sacrifice a rook on g6.} 33. Rd6 Qc5 34. Qf6 Qf5 (34... Qc7 35. Re7 Rbd8 {
and now for instance} 36. Qe5 {threatening Rxg6+} Qc2 37. Rxa6 {and White will
win easily.}) 35. Qxf5 gxf5 {Black's kingside is now damaged beyond repair.}
36. Rxa6 Rfd8 37. Rd6 {[%csl Rf5,Rh5] It won't take Kramnik long to mop up the
kingside.} 1-0

[Event "Leon Man+Comp"]
[Site "Leon"]
[Date "2002.06.22"]
[Round "4"]
[White "Anand, Viswanathan"]
[Black "Kramnik, Vladimir"]
[Result "1/2-1/2"]
[WhiteElo "2752"]
[BlackElo "2809"]
[Annotator "Dautov,R"]
[PlyCount "95"]
[EventDate "2002.06.21"]
[EventType "match (rapid)"]
[EventRounds "6"]
[EventCountry "ESP"]
[SourceTitle "CBM 090"]
[Source "ChessBase"]
[SourceDate "2002.09.20"]
[SourceVersion "1"]
[SourceVersionDate "2002.09.20"]
[SourceQuality "1"]

1. d4 {Cifuentes} Nf6 2. c4 e6 3. Nf3 d5 4. Nc3 Be7 5. Bf4 O-O 6. e3 c5 7. dxc5
Bxc5 8. a3 Nc6 9. Qc2 Qa5 10. O-O-O Be7 11. g4 dxc4 12. Bxc4 e5 13. g5 exf4 14.
gxf6 Bxf6 15. Nd5 Ne7 16. Nxf6+ gxf6 17. Rhg1+ Kh8 18. e4 {'!' Cifuentes. Mit
diesem Zug verhindert Weiß den unangenehmen Läuferausfall Bc8-f5 und plant
seine Aktivität (Rd1-d6, Qc2-b3) nach der Prophylaxe Kc1-b1 wiederaufzunehmen.}
(18. Nd4) (18. Qe4) 18... b5 {'[]' Cifuentes. Die Standardantwort, Schwarz
startet sein Gegenspiel ohne Vorbereitung.} (18... Bh3 19. Kb1 Rac8 20. Qb3 {
><f7 Short}) (18... Be6 19. Bxe6 fxe6 20. Qb3 $36 Qc7+ (20... Qa6 {Cifuentes}
21. Kb1 Rad8 22. e5 $44) 21. Kb1 Qc6 22. Rge1 e5 23. Rc1) 19. Bd5 Nxd5 (19...
Rb8 $2 {Cifuentes} 20. Qc5 $1) (19... Be6 {Cifuentes} 20. Bxa8 Rc8 21. Qxc8+
Nxc8 22. Kb1 b4 23. Nd4 bxa3 24. Nc6 $1) 20. exd5 b4 ({Nach} 20... Bd7 $6 21.
Kb1 b4 22. Rd4 $1 {entwickelt Weiß einen gefährlichen Angriff:} bxa3 23. Rxf4
$1 {/\Qh7} f5 24. Rh4 Rab8 25. Qc4 $1 Rxb2+ 26. Ka1 $18) (20... Bg4 $6 21. Qe4
Qc7+ 22. Kb1 Rfe8 23. Qd4 Bf5+ 24. Ka1 Qd6 25. Ng5 Re7 26. Ne6 Qe5 27. Rge1
Qxd4 28. Nxd4 Rxe1 29. Rxe1 $16 {Mamedyarov,S-Tregubov,P/Dubai 2002}) 21. axb4
Qa1+ (21... Qxb4 22. Rd4 Qd6 23. Qc6 $14 {Short}) 22. Kd2 Qa6 23. Qc6 (23. Nd4
$2 Rd8 24. b5 Qb6 25. Qe4 Bb7 $40 {Akopian,V-Short,N/Groningen 1996}) 23... Rd8
(23... Bb7 $5) 24. Kc3 (24. Qxa8 $2 {Cifuentes} Qc4 $1) 24... Bb7 25. Qxa6 Bxa6
26. Rd4 Rac8+ 27. Kd2 (27. Kb3 $2 {Cifuentes} Rxd5 $1) 27... Bb7 28. Rc1 {
'!' Cifuentes.} Rxc1 29. Kxc1 Kg7 (29... Bxd5 $2 {Cifuentes} 30. Kd2 $1 Kg7 31.
Ne1 f5 32. Nd3 Kf6 33. Nxf4 Ke5 34. Ke3 Rd7 35. b5 Be6 36. Nxe6 Kxe6 37. Rxd7
Kxd7 38. Kd4 Kd6 39. f4 $18) (29... Rxd5 {Cifuentes} 30. Rxd5 Bxd5 31. Nd4 Kg7
32. Nf5+ {see game}) 30. Nh4 {Eine Neuerung im 30. Zug - so was sieht man
selten, selbst in unserer informationsüberfüllten Zeit! Die
Stellungseinschätzung bleibt jedoch "alt", Schwarz remisiert mühelos.} (30. Ne1
Rxd5 31. Rxd5 Bxd5 32. Nd3 f3 33. Kd2 Bc6 34. Nf4 f5 35. Ke3 Kf6 36. h4 Ke5 37.
Nd3+ Kd5 38. Kf4 Ba4 39. Ne5 f6 40. Nxf3 Bc2 $11 {Van Wely,L-Short,N/Wijk aan
Zee 1997}) 30... Rxd5 31. Rxd5 Bxd5 32. Nf5+ Kf8 33. Kd2 Ke8 {'!' Cifuentes.} (
33... Be6 $5 34. Nd6 (34. Nd4 {Cifuentes} Bd5 35. Nb5 a6 36. Nc7 Bb7 37. Kc3
Ke7 38. b5 a5 39. Kb3 $1 Kd6 40. Na6 Kd5 (40... Bxa6 {Cifuentes} 41. bxa6 Kc6
42. Ka4 Kb6 43. a7 $18) 41. Ka4 Kd4 42. Kxa5 Bf3 43. b4 Kd3 44. Nc5+ Ke2 45. b6
Kxf2 46. b5 $1 Bd5 (46... Kg2 {Cifuentes} 47. h4 Bd5 48. Nd3 $1 Bb7 49. Nxf4+
Kg3 50. Nd3 $18) 47. b7 Bxb7 48. Nxb7 f3 49. Nd6 Ke1 50. b6 f2 51. b7 f1=Q 52.
b8=Q $16) 34... Bd7 $11 {Short}) (33... a6 {Cifuentes} 34. Kc3 Be6 35. Nd4 Ke7
36. b5 axb5 37. Kb4 Kd6 38. Nxb5+ Kd5 39. Kc3 $16) 34. Kd3 Kd7 35. Kd4 Be6 36.
Ke4 Bxf5+ {'=!' Cifuentes.} 37. Kxf5 Kc6 38. Kxf4 (38. h4 {Cifuentes} Kb5 39.
Kxf6 Kc4 40. h5 Kd3 41. h6 Ke2 42. Kg7 Kxf2 43. Kxh7 f3 44. Kg8 Ke1 45. h7 f2
46. h8=Q f1=Q $11) (38. f3 $5 {Cifuentes} Kd5 $1 (38... Kb5 {Cifuentes} 39. h4
Kc4 $1 (39... Kxb4 {Cifuentes} 40. h5 Kc4 41. h6 Kd3 42. Kxf4 $1 Kc2 43. Kf5
Kxb2 44. Kxf6 a5 45. Kg7 a4 46. Kxh7 a3 47. Kg8 $18) 40. h5 h6 $1 41. Kxf6 Kd4
$1 (41... Kxb4 $2 {Cifuentes} 42. Kg7 Kb3 43. Kxh6 a5 44. Kg5 a4 45. h6 Kxb2
46. h7 $18) 42. Kg7 Ke3 43. Kxh6 Kxf3 44. Kg5 Ke3 45. h6 f3 46. h7 f2 47. h8=Q
f1=Q 48. Qe5+ Kd2 $11) 39. b5 Kc4 40. h4 h5 41. Kxf4 Kd3 $1 (41... Kxb5 {
Cifuentes} 42. Kf5 Kc4 43. Kxf6 Kb3 44. Kg5 Kxb2 45. Kxh5 a5 46. Kg4 a4 47. h5
a3 48. h6 a2 49. h7 a1=Q 50. h8=Q+ Ka2 51. Qxa1+ Kxa1 52. Kf5 Kb2 53. f4 Kc3
54. Ke5 $1 Kd3 55. f5 Ke3 56. f6 Kf3 57. Kd6 $18) 42. Kf5 Ke3 43. Kxf6 Kxf3 44.
Kg5 Ke4 45. Kxh5 f5 46. Kg6 f4 47. h5 f3 48. h6 f2 49. h7 f1=Q 50. h8=Q $11)
38... Kb5 39. Kf5 Kxb4 40. Kxf6 Kb3 41. f4 Kxb2 42. f5 a5 43. Kxf7 a4 44. f6 a3
45. Kg8 a2 46. f7 a1=Q 47. f8=Q Qa2+ 48. Kxh7 {, und die assistierenden
Computer beschlossen, daß die Stellung remislich ist.} 1/2-1/2

[Event "Leon Man+Comp"]
[Site "Leon"]
[Date "2002.06.23"]
[Round "5"]
[White "Kramnik, Vladimir"]
[Black "Anand, Viswanathan"]
[Result "1/2-1/2"]
[WhiteElo "2809"]
[BlackElo "2752"]
[Annotator "Huzman,A"]
[PlyCount "75"]
[EventDate "2002.06.21"]
[EventType "match (rapid)"]
[EventRounds "6"]
[EventCountry "ESP"]
[SourceTitle "CBM 090"]
[Source "ChessBase"]
[SourceDate "2002.09.20"]
[SourceVersion "1"]
[SourceVersionDate "2002.09.20"]
[SourceQuality "1"]

1. d4 d5 2. c4 dxc4 3. Nf3 e6 4. e3 Nf6 5. Bxc4 c5 6. O-O a6 7. dxc5 Qxd1 8.
Rxd1 Bxc5 9. Nbd2 O-O 10. Be2 Rd8 11. b3 b6 12. Bb2 Bb7 13. Rac1 Nbd7 14. Nc4 (
14. a3 Rac8 15. b4 Be7 16. Nc4 Nd5 17. Nd4 Rc7 18. g3 Rdc8 19. e4 N5f6 20. f3
Ne8 {1/2-1/2 Tunik,G-Makarov,M/St Petersburg 1996/CBM 56 ext (20)}) 14... Rac8
15. Kf1 Bd5 16. Nce5 Nxe5 17. Nxe5 a5 (17... b5 18. Nd3 Be7 19. f3 $14) (17...
Bb7 $5 18. Nd3 Be7 19. Bd4 Nd7 $11) 18. Ba6 Ra8 (18... Rc7 19. Nd3 Bd6 20. Rxc7
Bxc7 21. Rc1 $14) 19. Bb5 Rac8 20. h3 Be4 21. Rxd8+ Rxd8 22. f3 Bg6 (22... Bb7
23. e4 (23. Ke2 Nd5 24. Nc4 $140 Nc7 25. Nxa5 bxa5 26. Rxc5 Nxb5 $19) 23... Rd2
24. Nd3 Bc6 (24... Nxe4 25. fxe4 Bxe4 26. Nxc5 bxc5 27. Rxc5 $18) 25. Bxc6 Rxd3
26. Ke2 $14) 23. e4 $1 {[%csl Rg6]} Rd2 24. Nd3 h6 25. Bxf6 gxf6 26. Nxc5 bxc5
27. a4 Rb2 $8 (27... f5 28. exf5 Bxf5 29. Rxc5 $16) 28. Rxc5 Rxb3 29. Bc6 (29.
Be2 $5 f5 30. exf5 Bxf5 31. Rxa5 $16) 29... f5 30. Rxa5 $6 (30. exf5 Bxf5 31.
Rxa5 Rb2 $16) 30... fxe4 31. fxe4 Rb4 32. e5 Be4 $1 $14 33. Bxe4 Rxe4 {[%csl
Re5]} 34. Kf2 Kg7 35. Kf3 Rb4 36. Ra7 Rb3+ 37. Kf4 Rb2 38. Kf3 1/2-1/2

[Event "Leon Man+Comp"]
[Site "Leon"]
[Date "2002.06.23"]
[Round "6"]
[White "Anand, Viswanathan"]
[Black "Kramnik, Vladimir"]
[Result "1/2-1/2"]
[WhiteElo "2752"]
[BlackElo "2809"]
[Annotator "Wedberg,T"]
[PlyCount "39"]
[EventDate "2002.06.21"]
[EventType "match (rapid)"]
[EventRounds "6"]
[EventCountry "ESP"]
[SourceTitle "CBM 090"]
[Source "ChessBase"]
[SourceDate "2002.09.20"]
[SourceVersion "1"]
[SourceVersionDate "2002.09.20"]
[SourceQuality "1"]

1. e4 e5 2. Nf3 Nc6 3. Bb5 Nf6 4. O-O Nxe4 5. d4 Nd6 6. Bxc6 dxc6 7. dxe5 Nf5
8. Qxd8+ Kxd8 9. Nc3 Ke8 10. h3 Be7 {Kramnik again tries the idea he played
against Kasparov in Wijk aan Zee,} 11. Bg5 Bxg5 12. Nxg5 h6 13. Nge4 b6 14.
Rfd1 Ke7 $5 $146 {[%mdl 8]} ({More natural than} 14... Ne7 {played by Kramnik
against Kasparov.} 15. f4 Ng6 16. Rf1 h5 17. Rae1 Bf5 18. Ng3 Ne7 $13 {1/2-1/2
Kasparov,G-Kramnik,V/Wijk aan Zee 2001/CBM 81/[Wedberg] (46)}) 15. Kh2 (15. g4
{doesn´t quite do the trick.} Nh4 16. f4 Ng6 17. Rf1 (17. Ne2 h5 18. Nd4 Bd7)
17... h5 $36) 15... h5 16. Ne2 Re8 17. Nf4 Kf8 {Castling by hand solves all
the problems for Black in this game.} 18. Nxh5 (18. Nd3 Ba6 $15) 18... Rxe5 19.
Nhg3 Be6 20. Rd2 $11 1/2-1/2

[Event "Paris Grand Prix du Senat 3rd"]
[Site "Paris"]
[Date "2002.06.29"]
[Round "1.2"]
[White "Bacrot, Etienne"]
[Black "Kramnik, Vladimir"]
[Result "0-1"]
[WhiteElo "2653"]
[BlackElo "2809"]
[Annotator "Gershon,A"]
[PlyCount "60"]
[EventDate "2002.06.29"]
[EventType "k.o. (rapid)"]
[EventRounds "2"]
[EventCountry "FRA"]
[SourceTitle "CBM 090"]
[Source "ChessBase"]
[SourceDate "2002.09.20"]
[SourceVersion "1"]
[SourceVersionDate "2002.09.20"]
[SourceQuality "1"]

1. d4 Nf6 2. c4 e6 3. Nf3 b6 4. g3 Ba6 5. b3 Bb4+ 6. Bd2 Be7 7. Bg2 Bb7 (7...
c6 {leads to the main lines.}) 8. Nc3 d5 9. O-O O-O 10. cxd5 exd5 11. Bf4 Na6
12. Qc2 Re8 13. Rfd1 {white is taking measures to prevent black from playing
c5, or at least make it difficult.} (13. Qb2 Qc8 14. Rfd1 Qe6 15. Rac1 h6 16.
a3 c5 17. Be3 Ne4 18. Ne1 Bf6 19. Nxe4 dxe4 20. Qb1 cxd4 21. Bxd4 Bxd4 22. Rxd4
Nc5 23. Rc3 Qe5 $15 {0-1 Roeder,M-Aseev,K/Berlin 1992/EXT 98 (48). (48)}) 13...
c6 14. a3 (14. Qb2 Nc7 15. b4 Ne6 16. Be5 Nh5 17. Bh3 Bf8 18. Bg4 Nf6 19. Bxf6
Qxf6 20. Qb3 Rad8 21. Bh3 Ba8 22. Bg2 $14 {1-0 Salov,V-Hjartarson,J/Rotterdam
1989/CBM 13 (55)}) 14... Nc7 15. Bxc7 $6 (15. b4 Ne6 16. Be5 {was better.})
15... Qxc7 16. b4 Bd6 {after white has exchange his dark bishop, black has a
clear and natural plan of playing on the K side.} 17. e3 Qe7 {[%cal Ga7a5]} 18.
Qb3 Rad8 {over protecting d5. Now c5 becomes an option.Black is by no means
worse.} 19. Ne1 {preventing c5, but...} h5 $1 {white forces are disorganized,
and Kramnik begins a thematic attack on the kingside.} 20. b5 (20. h4 {[%csl
Rg4]} Ng4 $17) 20... h4 21. bxc6 hxg3 22. hxg3 (22. cxb7 gxf2+ 23. Kxf2 Qxe3+
24. Kf1 Ng4 {[%cal Ge3f2,Gg4h2] with a mate on next move}) 22... Bxc6 23. Nc2
Ng4 $1 {[%csl Rf2,Rg1][%cal Ge7f6,Gf6h6] black goes after white's king, and a
pawn doesn't matter.} 24. Nxd5 (24. Bxd5 Bxd5 25. Nxd5 (25. Qxd5 Bxg3 $19)
25... Qg5 {white king is doomed.}) 24... Qg5 25. Nf4 Bxf4 $1 {leading to a
forced win} 26. Bxc6 $8 (26. exf4 Qh6 27. d5 $8 Re2 $1 $19) (26. gxf4 Qh4 $19)
26... Qh6 27. Bg2 Bxg3 $1 28. fxg3 Qh2+ 29. Kf1 Qxg3 30. Rd2 (30. Kg1 Qf2+ 31.
Kh1 Rd6 $19) 30... Rd6 {white is helpless against all the threats to his king.}
0-1